000 00777nam a2200217Ia 4500
001 9301
003 GE_BSU
008 181216s||||||||xx |||||||||||||| ||und||
040 _cGE_BSU
080 _a821.353.1-31+821.353.1-32
100 _aლორთქიფანიძე,კონსტანტინე
245 _aრომანი:მოთხრობები
245 _cრედ:ც.ჩხეიძე;მხატვ:თ.სამსონაძე
260 _aთბილისი.
260 _bლიტერატურა და ხელოვნება.
260 _c1967
300 _a542გვ;21სმ.
300 _bფოტო-პორტრეტი
653 _aრომანი:მოთხრობები
942 _cBK
999 _c42598
_d42598